000 00430pab a2200157 454500
008 180718b1998 xxu||||| |||| 00| 0 eng d
100 _aBichlbauer, Dieter
245 _aSome consideration about the further development of situational analysis
260 _c1998
300 _ap.422-33
362 _aSep
650 _aPopper, Karl
650 _aSocial sciences
773 _aPhilosophy of the Social Sciences
909 _a39553
999 _c39553
_d39553